|
|
|
|
| LEADER |
01207nam a22002657a 4500 |
| 001 |
AAL7317 |
| 003 |
BD-DhAAL |
| 005 |
20160319182212.0 |
| 008 |
160319m20071991bg ||||| |||| 00| 0 ben d |
| 020 |
|
|
|a 9847000600837
|
| 020 |
|
|
|a 9844014514
|
| 040 |
|
|
|a BD-DhAAL
|c BD-DhAAL
|
| 082 |
|
|
|a 901.9
|
| 100 |
|
|
|a বেগম, নূরুন নাহার
|9 18627
|
| 245 |
|
|
|a মানুষের ইতিহাস মধ্যযুগ [ ৪৭৬-১৪৫৩ ] /
|c নূরুন নাহার বেগম, আবদুল হালিম
|
| 260 |
|
|
|a ঢাকা :
|b আগামী প্রকাশনী,
|c ২০০৭
|
| 300 |
|
|
|a ১৭৫ পৃ. ;
|c ২২ সে.মি.
|
| 541 |
|
|
|e 7317
|
| 650 |
|
|
|a History
|9 18628
|
| 700 |
|
|
|a আবদুল হালিম
|9 18629
|
| 852 |
|
|
|a Savar Campus Library
|c General Stacks
|
| 942 |
|
|
|2 ddc
|c BK
|
| 999 |
|
|
|c 37162
|d 37162
|
| 952 |
|
|
|0 0
|1 0
|2 ddc
|4 0
|6 901_900000000000000_BEG
|7 0
|9 58433
|a SCL
|b SCL
|c GEN
|d 2016-03-19
|g 150.00
|l 1
|o 901.9 BEG
|p 3020007317
|r 2018-05-20
|s 2018-05-09
|t 1
|w 2016-03-19
|y BK
|
| 952 |
|
|
|0 0
|1 0
|2 ddc
|4 0
|6 901_900000000000000_BEG
|7 0
|9 58434
|a SCL
|b SCL
|c GEN
|d 2016-03-19
|g 40.00
|l 0
|o 901.9 BEG
|p 3020001955
|r 2016-03-19
|t 2
|w 2016-03-19
|y BK
|